000
00318nam a2200133Ia 4500
008
191201s2009 xx 000 0 und d
082
_a
485.5
_b
KOC
100
_a
KONAR,Nira
245
0
_a
Communication Skills for Professionals
260
_a
N.Delhi
_b
PHI
_c
2009
300
_a
193
650
_a
Applied
942
_2
ddc
_c
BK
999
_c
4277
_d
4277